000 00892nam a22003017a 4500
003 CHAP
005 20220329134228.0
008 971013s1979 r 00010 d
010 _a17306
011 _a18278
035 _a22363
040 _cCHAP
082 _a001.642
_bH8 1979
100 0 0 _aHughes, Joan Kirkby.
_956797
245 _aPL
_c/ 1 structured programming
250 _a2 ed.
260 _aNew York :
_bWiley,
_c1979
300 _a825 p.
_b: ilus.
590 _aBATCH-UPD
_b10
_c20130110
_lUCH01
_h1935
590 _aBATCH-UPD
_b10
_c20130410
_lUCH01
_h1259
590 _aBATCH-UPD
_b10
_c20130914
_lUCH01
_h1626
590 _aCONVERSION
_b10
_c20130109
_lUCH01
_h1311
650 1 4 _aLenguajes de programación.
_965989
650 1 4 _aPL/1 (Programación)
_988623
901 _aBK
942 _cLIBRO
949 _a001.642 H8 1979
_bBC
_cLIBRO
_d33724000288577
_eLIBRO
_h55883
_i22363
_si
999 _c17306
_d17306